000 00563nam a2200181 i 4500
001 34868
003 ES-MaACL
005 20230906155019.0
007 t|
008 030211s1973 sp ||||1| spa d
100 1 _aBoros, Ladislao.
_930538
245 1 3 _aEl hombre y su destino /
_cLadislaus Boros ; [tradujeron, Jesús Pérez Alija y José Querol].
260 _aEstella (Navarra) :
_bVerbo Divino,
_c1973.
300 _a239 p. ;
_c19 cm.
700 1 _aPérez Alija, Jesús.
_990630
700 1 _aQuerol, José.
_994543
852 _aES-MaACL
_jC-55327
_bR.87823
999 _c34868
_d34868